000 01115cam a2200241 4500
001 M1163
008 090401t1989 xxu||||| |||| 00| 0 eng d
035 _a(Sirsi) u30184
041 _aeng
050 _a690.3
110 _aInstitute of Engineering Surveying and Space Geodesy
_92086
245 _aQuality assurance for the surveying profession.
260 _aNottingham
_bInstitute of Engineering Surveying and S
_c1989
300 _aca.230p. ; 30cm.
350 _a0
520 _aPapers presented at a seminar at The University of Nottingham on 25th January 1989. Includes:- Assurance and control of quality/ Rooney, M. - Quality audit, assessment and registration in Land Surveying/ Hill, C. - Quality control through British and International Standards/ Smith, J. - Quality assurance and national standards for EDM Instrument Calibration/ Kennie, T. - QA and Total Quality Management/ Jensen, M.
650 _aQUALITY ASSURANCE
650 _aQUALITY MANAGEMENT SYSTEMS
650 _aSURVEYORS
690 _aMANAGEMENT-BUSINESS MANAGEMENT-PROFESSIONAL PRACTICE
942 _n0
948 _c04/03/1997
999 _c89478
_d89478